Online Catalogue and eLibrary

Project Appraisal and Sustainability in Less Developed Countries (Record no. 1331)

MARC details
000 -LEADER
fixed length control field 00608nam a2200217Ia 4500
005 - DATE AND TIME OF LATEST TRANSACTION
control field 20250129053817.0
008 - FIXED-LENGTH DATA ELEMENTS--GENERAL INFORMATION
fixed length control field 240331s9999 xx 000 0 und d
020 ## - INTERNATIONAL STANDARD BOOK NUMBER
ISBN 08030030 (ISSN)
082 ## - DDC Classification
Item Number - Author Mark ANG
DDC Edition Number 3154
Class No. 304.2
100 ## - MAIN ENTRY--PERSONAL NAME
Personal name Angelsen, A
100 ## - MAIN ENTRY--PERSONAL NAME
Personal name Fjeldstad, O-H
100 ## - MAIN ENTRY--PERSONAL NAME
Personal name Sumaila, U. R
245 #0 - TITLE STATEMENT
Title Project Appraisal and Sustainability in Less Developed Countries
260 ## - PUBLICATION, DISTRIBUTION, ETC.
Place of publication, distribution, etc. Bergen
Name of publisher, distributor, etc. Chr. Michelsen Institute
Date of publication, distribution, etc. 1994
300 ## - PHYSICAL DESCRIPTION
Extent (e.g. Volumes, Pages etc.) vii, 136 p.,
650 ## - SUBJECT ADDED ENTRY--TOPICAL TERM
Topical term or geographic name entry element Developed Countries
650 ## - SUBJECT ADDED ENTRY--TOPICAL TERM
Topical term or geographic name entry element Sustainable Development
650 ## - SUBJECT ADDED ENTRY--TOPICAL TERM
Topical term or geographic name entry element Environment
650 ## - SUBJECT ADDED ENTRY--TOPICAL TERM
Topical term or geographic name entry element Economic Growth
942 ## - Koha item type (Biblio)
Koha item type Books in Stacks (Lending)
Holdings
Lost status Damaged status Collection code Home library Current library Shelving location Date acquired Full call number Accession Number Item type
    Lending WERC Library WERC Library Social Science Cupboard 03/31/2024 304.2 ANG 3154 Books in Stacks (Lending)

© WERC Library